[Event "GER-chT U20"]
[Site "Magdeburg"]
[Date "2023.12.30"]
[Round "7.4"]
[White "Boehmer, Kimon"]
[Black "Kolzenburg, Jan Niklas"]
[Result "1-0"]
[WhiteElo "1784"]
[BlackElo "1621"]
[PlyCount "75"]
[EventDate "2023.12.26"]
[EventType "team-swiss"]
[EventRounds "7"]
[EventCountry "GER"]
[SourceTitle "CB03_2024"]
[SourceDate "2024.01.17"]
[SourceVersion "1"]
[SourceVersionDate "2024.01.17"]
[SourceQuality "1"]
[WhiteTeam "Koenigsjaeger Sued West"]
[BlackTeam "Neuberg"]
[WhiteTeamCountry "GER"]
[BlackTeamCountry "GER"]

1. d4 Nf6 2. c4 e6 3. g3 d5 4. Nf3 b6 5. Bg2 Bb7 6. Ne5 Bb4+ 7. Bd2 Bxd2+ 8. Nxd2 0-0 9. 0-0 Nc6 10. Nxc6 Bxc6 11. Rc1 Qd7 12. Qc2 dxc4 13. Bxc6 Qxc6 14. Qxc4 Qd7 15. Nf3 Rac8 16. Ne5 Qd6 17. b4 c5 18. Nf3 Rc7 19. dxc5 bxc5 20. Rfd1 Qe7 21. Ne5 Rfc8 22. b5 Nd5 23. Nc6 Qe8 24. Qxc5 Kh8 25. e4 Ne7 26. Rd6 a6 27. a4 axb5 28. axb5 h6 29. Qb6 Rd7 30. Rcd1 Rxd6 31. Rxd6 Nxc6 32. bxc6 Qe7 33. Rd7 Qe8 34. Qb7 Kg8 35. Rxf7 Rxc6 36. Rxg7+ Kf8 37. Rh7 Rc1+ 38. Kg2 1-0

[Event "GER-chT U20"]
[Site "Magdeburg"]
[Date "2023.12.29"]
[Round "5.3"]
[White "Boehmer, Kimon"]
[Black "Karlinger De la Quintana, Ainhoa"]
[Result "1-0"]
[WhiteElo "1784"]
[BlackElo "1348"]
[PlyCount "64"]
[EventDate "2023.12.26"]
[EventType "team-swiss"]
[EventRounds "7"]
[EventCountry "GER"]
[SourceTitle "CB03_2024"]
[SourceDate "2024.01.17"]
[SourceVersion "1"]
[SourceVersionDate "2024.01.17"]
[SourceQuality "1"]
[WhiteTeam "Koenigsjaeger Sued West"]
[BlackTeam "Ergolding"]
[WhiteTeamCountry "GER"]
[BlackTeamCountry "GER"]

1. d4 e6 2. c4 d5 3. Nf3 Nf6 4. g3 Be7 5. Bg2 0-0 6. 0-0 c6 7. Nbd2 Nbd7 8. Qc2 Nb6 9. b3 Bd7 10. e4 dxe4 11. Nxe4 Rc8 12. Bf4 Be8 13. Rad1 Nxe4 14. Qxe4 Nd7 15. Rd3 Nf6 16. Qe2 Qa5 17. Rfd1 Bd7 18. Ne5 Rfd8 19. g4 h6 20. g5 hxg5 21. Bxg5 b6 22. Rh3 g6 23. Qf3 Kg7 24. Rh6 Rh8 25. Rxh8 Rxh8 26. Bxf6+ Bxf6 27. Nxd7 Qg5 28. Qxf6+ Qxf6 29. Nxf6 Kxf6 30. Bxc6 Rh5 31. d5 exd5 32. cxd5 Rg5+ 1-0

[Event "GER-chT U20"]
[Site "Magdeburg"]
[Date "2023.12.28"]
[Round "4.5"]
[White "Boehmer, Kimon"]
[Black "Haug, Mara"]
[Result "1-0"]
[WhiteElo "1784"]
[BlackElo "1691"]
[PlyCount "89"]
[EventDate "2023.12.26"]
[EventType "team-swiss"]
[EventRounds "7"]
[EventCountry "GER"]
[SourceTitle "CB03_2024"]
[SourceDate "2024.01.17"]
[SourceVersion "1"]
[SourceVersionDate "2024.01.17"]
[SourceQuality "1"]
[WhiteTeam "Koenigsjaeger Sued West"]
[BlackTeam "Karlsruhe SF"]
[WhiteTeamCountry "GER"]
[BlackTeamCountry "GER"]

1. d4 Nf6 2. c4 c5 3. d5 b5 4. cxb5 a6 5. Nc3 g6 6. e4 d6 7. Nf3 Bg7 8. a4 0-0 9. h3 Qa5 10. Bd2 Nbd7 11. bxa6 Bxa6 12. Nb5 Qb6 13. Bd3 Qb7 14. Qe2 Nb6 15. Nc3 Nh5 16. g4 Nf6 17. 0-0 Bxd3 18. Qxd3 Rfc8 19. Rfb1 c4 20. Qe3 Nbd7 21. Nd4 Ne5 22. Ncb5 Nfd7 23. f4 Nd3 24. b4 Qb6 25. Bc3 e5 26. dxe6 fxe6 27. a5 Qa6 28. Na3 e5 29. fxe5 N7xe5 30. b5 Qb7 31. Ne6 Nf3+ 32. Qxf3 Bxc3 33. a6 Qb6+ 34. Kh1 Bxa1 35. Rxa1 Ne5 36. Qf6 Ra7 37. Ng5 Rf8 38. Qe6+ Kh8 39. Nxc4 Nxc4 40. Qxc4 Qe3 41. Rf1 Rfa8 42. Qc1 Qxc1 43. Rxc1 Rb8 44. Ne6 Re7 45. Nc7 1-0

[Event "Berlin Spandau op"]
[Site "Berlin"]
[Date "2019.12.27"]
[Round "1"]
[White "Balov, Darko"]
[Black "Boehmer, Kimon"]
[Result "1-0"]
[WhiteElo "2094"]
[BlackElo "1675"]
[PlyCount "69"]
[EventDate "2019.12.27"]
[EventType "swiss"]
[EventRounds "7"]
[EventCountry "GER"]
[SourceTitle "CBM 194 Extra"]
[Source "ChessBase"]
[SourceDate "2020.03.31"]
[SourceVersion "1"]
[SourceVersionDate "2020.03.31"]
[SourceQuality "1"]

1. d4 Nf6 2. Nf3 c5 3. d5 e6 4. c4 b5 5. a4 bxc4 6. Nc3 Qa5 7. Bd2 Qb6 8. e4 exd5 9. exd5 d6 10. Bxc4 Be7 11. a5 Qb7 12. 0-0 0-0 13. Re1 Bg4 14. a6 Qc7 15. h3 Bh5 16. g4 Bg6 17. Qb3 Qd8 18. Re2 Nbd7 19. Rae1 Re8 20. g5 Nh5 21. Bb5 Rb8 22. Qa4 Bf5 23. Kh2 g6 24. Qa2 Ng7 25. Nh4 Bxg5 26. Rxe8+ Nxe8 27. Rxe8+ Qxe8 28. Bxg5 Rxb5 29. Nxf5 gxf5 30. Nxb5 Qe2 31. Be3 Qxb5 32. Qb1 Qxa6 33. Qxf5 Ne5 34. Bh6 f6 35. Qxf6 1-0